LEADER 01042nam0 2200289 450 001 000043668 005 20171127142955.0 010 $a978-0-13-335672-4 010 $a0-13-335672-8 100 $a20171127d2018----km-y0itaa50------ba 101 0 $aeng 102 $aUS 200 1 $aDigital image processing$fRafael C. Gonzalez, Richard E. Woods 205 $a4. ed 210 $aNew York$cPearson$d2018 215 $aXVI, 1168 p.$cill.$d24 cm. 606 1 $aImmagini ottiche$xElaborazione elettronica 676 $a621.367$v(22. ed.)$9Ingegneria ottica. Fotografia tecnica e fotoottica 700 1$aGonzalez,$bRafael C.$047267 701 1$aWoods,$bRichard Eugene$f<1954- >$028573 801 0$aIT$bUniversità della Basilicata - B.I.A.$gREICAT$2unimarc 912 $a000043668 996 $aDigital image processing$916199 997 $aUNIBAS CAT $aTTM$b30$c20171127$lBAS01$h1429 FMT Z30 -1$lBAS01$LBAS01$mBOOK$1BASA2$APolo Tecnico-Scientifico$2DID$BDidattica$3PTS.d1.115468$6115468$5T115468$820171127$f98$FConsultazione